[Event "DSJ Weihnachtsturnier U20 2020"]
[Site "https://play.chessbase.com/en/play?room=DSJWeihnachtU20"]
[Date "2020.12.29"]
[Round "3"]
[White "Gallasch, Robin"]
[Black "Rempe, Mieke"]
[Result "1-0"]
[Termination "time forfeit"]
[Board "9.3"]
[WhiteElo "2067"]
[BlackElo "1669"]
[WhiteTeam "Schachgemeinschaft Porz 2"]
[BlackTeam "SK Doppelbauer Kiel"]
[PlyCount "39"]
[WhiteFideId "16222423"]
[BlackFideId "16202384"]
[EventRounds "7"]
[EventType "team-swiss"]
[EventDate "2020.12.29"]

1. d4 {[%emt 0:00:02]} Nf6 {[%emt 0:00:16] Porz2-003 kibitzing!? Porz2-003
reconnected.} 2. c4 {[%emt 0:00:11]} e6 {[%emt 0:00:07]} 3. Nf3 {[%emt 0:00:02]
} d5 {[%emt 0:00:03]} 4. g3 {[%emt 0:00:02]} Nbd7 {[%emt 0:00:12]} 5. Bg2 {
[%emt 0:00:02]} Be7 {[%emt 0:00:21]} 6. O-O {[%emt 0:00:02]} O-O {[%emt
0:00:03]} 7. Qc2 {[%emt 0:00:02]} c5 {[%emt 0:01:37]} 8. dxc5 {[%emt 0:00:28]}
Bxc5 {[%emt 0:01:02]} 9. a3 {[%emt 0:02:41]} a5 {[%emt 0:01:06]} 10. Nc3 {[%emt
0:00:25]} Nb6 {[%emt 0:01:47]} 11. cxd5 {[%emt 0:00:09]} Nfxd5 {[%emt 0:00:46]}
12. Nxd5 {[%emt 0:00:22]} Bxf2+ {[%emt 0:02:11]} 13. Rxf2 {[%emt 0:00:08]} Nxd5
{[%emt 0:00:03]} 14. e4 {[%emt 0:00:29]} Nf6 {[%emt 0:00:37]} 15. Bg5 {[%emt
0:00:44]} h6 {[%emt 0:00:15]} 16. Bf4 {[%emt 0:00:02]} Nh5 {[%emt 0:00:03]} 17.
Be3 {[%emt 0:00:08]} Ra6 {[%emt 0:00:03]} 18. Raf1 {[%emt 0:00:48]} Rc6 { [%emt
0:00:03]} 19. Qb1 {[%emt 0:00:01]} Qe8 {[%emt 0:00:04]} 20. e5 {[%emt 0:00:07]
TimeB} 1-0

[Event "DSJ Weihnachtsturnier U20 2020"]
[Site "https://play.chessbase.com/en/play?room=DSJWeihnachtU20"]
[Date "2020.12.29"]
[Round "3"]
[White "Sinnhöfer, Jonas"]
[Black "Ortmeier, Leonhard"]
[Result "1/2-1/2"]
[Termination "normal"]
[Board "10.1"]
[BlackTitle "FM"]
[WhiteElo "1919"]
[BlackElo "2290"]
[WhiteTeam "Delmenhorster SK V 1931"]
[BlackTeam "Schachklub Münster 32"]
[PlyCount "150"]
[WhiteFideId "12982938"]
[BlackFideId "12993662"]
[EventRounds "7"]
[EventType "team-swiss"]
[EventDate "2020.12.29"]

1. e4 {[%emt 0:00:28]} c5 {[%emt 0:00:03]} 2. c4 { [%emt 0:00:02] Delmen1-001
received Ill MvData=1. c7-c5 (273cs)} Nc6 {[%emt 0:00:07]} 3. Nf3 {[%emt
0:00:03] Delmen1-001 received Ill MvData=3. b8-c6 (658cs) } e5 {[%emt 0:00:14]
Delmen1-001 kibitzing!?} 4. Nc3 {[%emt 0:00:05]} Nge7 { [%emt 0:00:05]} 5. g3
{[%emt 0:00:01]} g6 {[%emt 0:00:01] Delmen1-001 received Ill MvData=7. g8-e7
(482cs)} 6. Nd5 {[%emt 0:00:02] Delmen1-001 received Ill MvData=9. g7-g6
(126cs)} Bg7 {[%emt 0:00:10]} 7. Bg2 {[%emt 0:00:01]} O-O { [%emt 0:00:02]
Delmen1-001 received Ill MvData=11. f8-g7 (1013cs)} 8. O-O { [%emt 0:00:02]
Delmen1-001 received Ill MvData=13. e8-g8 (152cs)} d6 {[%emt 0:00:01]} 9. d3
{[%emt 0:00:01]} h6 {[%emt 0:00:02] Delmen1-001 kibitzing!?} 10. Ne1 {[%emt
0:00:04]} f5 {[%emt 0:00:02] Delmen1-001 kibitzing!?} 11. f4 { [%emt 0:00:03]}
Kh7 {[%emt 0:00:03]} 12. Nf3 {[%emt 0:00:02] Delmen1-001 received Ill
MvData=21. g8-h7 (333cs)} Be6 {[%emt 0:00:07] Delmen1-001 kibitzing!?} 13. h3
{[%emt 0:00:05]} Qd7 {[%emt 0:00:05]} 14. Kh2 {[%emt 0:00:02] Delmen1-001
received Ill MvData=25. d8-d7 (465cs)} Rf7 {[%emt 0:00:07] Delmen1-001
kibitzing!?} 15. a3 {[%emt 0:00:04]} Raf8 {[%emt 0:00:12] Delmen1-001
kibitzing!?} 16. b4 {[%emt 0:00:11]} exf4 {[%emt 0:00:04] Delmen1-001
kibitzing!?} 17. Bxf4 {[%emt 0:00:08] Delmen1-001 reconnected.} Bxa1 {[%emt
0:01:23]} 18. Qxa1 {[%emt 0:00:03] Delmen1-001 received Ill MvData=33. g7-a1
(8281cs)} g5 {[%emt 0:01:14] Delmen1-001 kibitzing!?} 19. Bxg5 {[%emt 0:00:11]}
hxg5 {[%emt 0:00:06]} 20. Nxg5+ {[%emt 0:00:01] Delmen1-001 received Ill
MvData=37. h6-g5 (616cs)} Kg8 {[%emt 0:00:56] Delmen1-001 kibitzing!?} 21. Nxf7
{[%emt 0:00:26]} Kxf7 {[%emt 0:00:05] Delmen1-001 kibitzing!?} 22. Qf6+ {[%emt
0:01:41]} Ke8 {[%emt 0:00:18] Delmen1-001 kibitzing!?} 23. Qxe6 {[%emt
0:00:14]} Qxe6 {[%emt 0:00:02]} 24. Nc7+ {[%emt 0:00:01]} Kd7 {[%emt 0:00:02]
Delmen1-001 received Ill MvData=45. d7-e6 (213cs)} 25. Nxe6 {[%emt 0:00:01]}
Kxe6 {[%emt 0:00:01] Delmen1-001 received Ill MvData=47. e8-d7 (158cs)} 26.
exf5+ {[%emt 0:00:02] Delmen1-001 received Ill MvData=49. d7-e6 (140cs)} Rxf5
{[%emt 0:00:05]} 27. Rxf5 {[%emt 0:00:02] Delmen1-001 received Ill MvData=51.
f8-f5 (539cs)} Kxf5 {[%emt 0:00:04]} 28. b5 {[%emt 0:00:02] Delmen1-001
received Ill MvData=53. e6-f5 (438cs)} Ne5 { [%emt 0:00:19] Delmen1-001
kibitzing!?} 29. Be4+ {[%emt 0:00:09]} Kg5 {[%emt 0:00:03] Delmen1-001
kibitzing!?} 30. Bxb7 {[%emt 0:00:08]} Nxd3 {[%emt 0:00:03] Delmen1-001
kibitzing!?} 31. Bf3 {[%emt 0:00:23]} Nb2 {[%emt 0:00:16] Delmen1-001
kibitzing!?} 32. Be2 {[%emt 0:00:07]} d5 {[%emt 0:00:10]} 33. cxd5 {[%emt
0:00:06] Delmen1-001 received Ill MvData=63. d6-d5 (1018cs)} Nxd5 { [%emt
0:00:01]} 34. h4+ {[%emt 0:00:01] Delmen1-001 received Ill MvData=65. e7-d5
(107cs)} Kg6 {[%emt 0:00:06] Delmen1-001 kibitzing!?} 35. Kg2 {[%emt 0:00:22]}
c4 {[%emt 0:00:02]} 36. Bf3 {[%emt 0:00:01] Delmen1-001 received Ill MvData=69.
c5-c4 (188cs)} Nf6 {[%emt 0:00:12] Delmen1-001 kibitzing!?} 37. Kf2 {[%emt
0:00:12]} Nd7 {[%emt 0:00:16] Delmen1-001 kibitzing!?} 38. Ke2 {[%emt 0:00:16]}
Nc5 {[%emt 0:00:04] Delmen1-001 kibitzing!?} 39. Kd2 {[%emt 0:00:06]} Nba4
{[%emt 0:00:10] Delmen1-001 kibitzing!?} 40. Bd5 {[%emt 0:00:15]} Nb6 { [%emt
0:00:12] Delmen1-001 kibitzing!?} 41. Bf3 {[%emt 0:00:18]} Kf5 {[%emt 0:00:01]
Delmen1-001 kibitzing!?} 42. Kc3 {[%emt 0:00:13]} Nd3 {[%emt 0:01:00]
Delmen1-001 kibitzing!?} 43. a4 {[%emt 0:00:25]} Ne5 {[%emt 0:00:22]
Delmen1-001 kibitzing!?} 44. Bd1 {[%emt 0:00:56]} Ke4 {[%emt 0:00:03]
Delmen1-001 kibitzing!?} 45. a5 {[%emt 0:00:07]} Nd5+ {[%emt 0:00:02]
Delmen1-001 kibitzing!?} 46. Kb2 {[%emt 0:00:09]} c3+ {[%emt 0:00:08]
Delmen1-001 kibitzing!?} 47. Kb3 {[%emt 0:00:09]} Kd4 {[%emt 0:00:02]
Delmen1-001 kibitzing!?} 48. h5 {[%emt 0:00:14]} Ne3 {[%emt 0:00:36]
Delmen1-001 kibitzing!?} 49. Bc2 {[%emt 0:00:48]} N3c4 {[%emt 0:01:14]
Delmen1-001 kibitzing!?} 50. a6 {[%emt 0:00:22]} Ne3 {[%emt 0:00:10]
Delmen1-001 kibitzing!?} 51. b6 {[%emt 0:00:22]} Nc6 {[%emt 0:00:03]
Delmen1-001 kibitzing!?} 52. b7 {[%emt 0:00:12]} Ng4 {[%emt 0:00:07]
Delmen1-001 kibitzing!?} 53. Bf5 {[%emt 0:00:10]} Nh6 {[%emt 0:00:05]
Delmen1-001 kibitzing!?} 54. Bg6 {[%emt 0:00:17]} Nb8 {[%emt 0:00:04]} 55. Kc2
{[%emt 0:00:02]} Nxa6 {[%emt 0:00:01] Delmen1-001 kibitzing!?} 56. Be8 { [%emt
0:00:13]} Nb8 {[%emt 0:00:04]} 57. Bb5 {[%emt 0:00:03] Muenst1-001 kibitzing!?
Delmen1-001 : My e8b5 repeat.} a6 {[%emt 0:00:01] Delmen1-001 kibitzing!?} 58.
Be2 {[%emt 0:00:08]} a5 {[%emt 0:00:02]} 59. g4 {[%emt 0:00:01]} Nf7 {[%emt
0:00:03] Delmen1-001 kibitzing!?} 60. g5 {[%emt 0:00:11]} Nxg5 {[%emt 0:00:01]}
61. h6 {[%emt 0:00:01] Delmen1-001 received Ill MvData=119. f7-g5 (143cs)} a4
{[%emt 0:00:07] Delmen1-001 kibitzing!?} 62. Bd3 {[%emt 0:00:04]} Nc6 {[%emt
0:00:03] Delmen1-001 kibitzing!?} 63. h7 {[%emt 0:00:04]} Nxh7 {[%emt 0:00:01]}
64. Bxh7 {[%emt 0:00:02]} Nb4+ {[%emt 0:00:01] Delmen1-001 received Ill
MvData=125. g5-h7 (77cs)} 65. Kc1 {[%emt 0:00:02]} Nc6 {[%emt 0:00:01]
Delmen1-001 received Ill MvData=127. c6-b4 (101cs) Delmen1-001 kibitzing!?} 66.
Bg6 {[%emt 0:00:05]} Kc4 {[%emt 0:00:02]} 67. Be8 {[%emt 0:00:01]} Nb8 {[%emt
0:00:01] Delmen1-001 received Ill MvData=131. d4-c4 (241cs)} 68. Bxa4 {[%emt
0:00:01]} Kb4 {[%emt 0:00:01] Delmen1-001 received Ill MvData=133. c6-b8
(137cs)} 69. Bc2 {[%emt 0:00:01] Delmen1-001 received Ill MvData=135. c4-b4
(97cs)} Kc5 {[%emt 0:00:02]} 70. Be4 {[%emt 0:00:05]} Kb6 { [%emt 0:00:02]
Delmen1-001 reconnected. Delmen1-001 kibitzing!?} 71. Kc2 { [%emt 0:00:04]} Kc7
{[%emt 0:00:02]} 72. Kxc3 {[%emt 0:00:01]} Nd7 {[%emt 0:00:04] Delmen1-001
received Ill MvData=141. b6-c7 (151cs) Delmen1-001 kibitzing!?} 73. Kc4 {[%emt
0:00:06]} Nb6+ {[%emt 0:00:02]} 74. Kc5 {[%emt 0:00:02] Delmen1-001 received
Ill MvData=145. d7-b6 (156cs)} Nc8 {[%emt 0:00:03]} 75. bxc8=Q+ {[%emt
0:00:03]} Kxc8 {[%emt 0:00:01]} 1/2-1/2

[Event "DSJ Weihnachtsturnier U20 2020"]
[Site "https://play.chessbase.com/en/play?room=DSJWeihnachtU20"]
[Date "2020.12.29"]
[Round "3"]
[White "Kamp, Adrian"]
[Black "Sinnhöfer, Joshua"]
[Result "0-1"]
[Termination "normal"]
[Board "10.2"]
[WhiteElo "1982"]
[BlackElo "1712"]
[WhiteTeam "Schachklub Münster 32"]
[BlackTeam "Delmenhorster SK V 1931"]
[PlyCount "94"]
[WhiteFideId "16222466"]
[BlackFideId "16201361"]
[EventRounds "7"]
[EventType "team-swiss"]
[EventDate "2020.12.29"]

1. e4 {[%emt 0:00:05]} e5 {[%emt 0:00:05]} 2. d4 {[%emt 0:00:03]} exd4 { [%emt
0:00:05]} 3. Nf3 {[%emt 0:00:04]} Nc6 {[%emt 0:00:03]} 4. Bc4 {[%emt 0:00:03]}
Nf6 {[%emt 0:00:07]} 5. e5 {[%emt 0:00:04]} d5 {[%emt 0:00:05]} 6. Bb5 {[%emt
0:00:02]} Nd7 {[%emt 0:00:06]} 7. Bxc6 {[%emt 0:00:09]} bxc6 {[%emt 0:00:00]}
8. Nxd4 {[%emt 0:00:04]} Nxe5 {[%emt 0:00:04]} 9. O-O {[%emt 0:00:27]} Be7
{[%emt 0:00:09]} 10. Re1 {[%emt 0:00:04]} Ng6 {[%emt 0:00:02]} 11. Nxc6 { [%emt
0:00:04]} Qd6 {[%emt 0:00:04]} 12. Nxe7 {[%emt 0:00:07]} Nxe7 {[%emt 0:00:00]}
13. Nc3 {[%emt 0:01:40]} O-O {[%emt 0:00:15]} 14. Bg5 {[%emt 0:00:25]} f6
{[%emt 0:00:07]} 15. Bf4 {[%emt 0:00:16]} Qxf4 {[%emt 0:00:07]} 16. Rxe7 {
[%emt 0:00:02]} c6 {[%emt 0:00:09]} 17. Qe2 {[%emt 0:00:13]} Bg4 {[%emt
0:00:10]} 18. f3 {[%emt 0:00:09]} Bh5 {[%emt 0:00:08]} 19. Qe6+ {[%emt
0:00:19]} Kh8 {[%emt 0:00:10]} 20. Qd7 {[%emt 0:00:23]} f5 {[%emt 0:00:14]} 21.
Rxg7 { [%emt 0:00:16]} Qd4+ {[%emt 0:00:04]} 22. Kh1 {[%emt 0:00:03]} Qxg7
{[%emt 0:00:02]} 23. Qxc6 {[%emt 0:00:03]} Rg8 {[%emt 0:00:08]} 24. g3 {[%emt
0:00:13]} Bxf3+ {[%emt 0:00:04]} 25. Kg1 {[%emt 0:00:01]} Qd4+ {[%emt 0:00:09]}
26. Kf1 { [%emt 0:00:03]} Qc4+ {[%emt 0:00:01]} 27. Qxc4 {[%emt 0:00:02]} dxc4
{[%emt 0:00:00]} 28. Re1 {[%emt 0:00:02]} Rge8 {[%emt 0:00:02]} 29. Rxe8+
{[%emt 0:00:05]} Rxe8 {[%emt 0:00:02]} 30. Kf2 {[%emt 0:00:00]} Be4 {[%emt
0:00:03]} 31. Nxe4 {[%emt 0:00:09]} Rxe4 {[%emt 0:00:00]} 32. Kf3 {[%emt
0:00:01]} Kg7 { [%emt 0:00:02]} 33. b3 {[%emt 0:00:01]} cxb3 {[%emt 0:00:02]}
34. axb3 { [%emt 0:00:00]} Kf6 {[%emt 0:00:01]} 35. c4 {[%emt 0:00:02]} Ke5
{[%emt 0:00:02]} 36. h4 {[%emt 0:00:01]} h5 {[%emt 0:00:02]} 37. c5 {[%emt
0:00:02]} Re1 { [%emt 0:00:05]} 38. b4 {[%emt 0:00:03]} a5 {[%emt 0:00:02]} 39.
bxa5 {[%emt 0:00:02]} Rc1 {[%emt 0:00:03]} 40. a6 {[%emt 0:00:02]} Rxc5 {[%emt
0:00:01]} 41. a7 {[%emt 0:00:00]} Ra5 {[%emt 0:00:01]} 42. a8=Q {[%emt
0:00:01]} Rxa8 { [%emt 0:00:01]} 43. Kf2 {[%emt 0:00:01]} Ra2+ {[%emt 0:00:02]}
44. Kf3 { [%emt 0:00:01]} Ra3+ {[%emt 0:00:02]} 45. Kf2 {[%emt 0:00:02]} Ke4
{[%emt 0:00:00]} 46. Kg2 {[%emt 0:00:02]} Ra2+ {[%emt 0:00:02]} 47. Kh3 {[%emt
0:00:02]} Kf3 {[%emt 0:00:01]} 0-1

[Event "DSJ Weihnachtsturnier U20 2020"]
[Site "https://play.chessbase.com/en/play?room=DSJWeihnachtU20"]
[Date "2020.12.29"]
[Round "3"]
[White "Wander, Dennis"]
[Black "Schröder, Lennart"]
[Result "1-0"]
[Termination "normal"]
[Board "10.3"]
[WhiteElo "1595"]
[BlackElo "1906"]
[WhiteTeam "Delmenhorster SK V 1931"]
[BlackTeam "Schachklub Münster 32"]
[PlyCount "71"]
[WhiteFideId "16276523"]
[BlackFideId "16222490"]
[EventRounds "7"]
[EventType "team-swiss"]
[EventDate "2020.12.29"]

1. e4 {[%emt 0:00:20] Muenst1-003 reconnected.} c5 {[%emt 0:00:58]} 2. Nf3 {
[%emt 0:00:03]} d6 {[%emt 0:00:01]} 3. d4 {[%emt 0:00:01]} cxd4 {[%emt 0:00:00]
} 4. Nxd4 {[%emt 0:00:01]} Nf6 {[%emt 0:00:03]} 5. Nc3 {[%emt 0:00:01]} g6 {
[%emt 0:00:01]} 6. Be3 {[%emt 0:00:11]} Bg7 {[%emt 0:00:01]} 7. Bc4 {[%emt
0:00:01]} O-O {[%emt 0:00:01]} 8. Bb3 {[%emt 0:00:01]} Nc6 {[%emt 0:00:01]} 9.
h3 {[%emt 0:00:08]} Bd7 {[%emt 0:00:01]} 10. Qd2 {[%emt 0:00:03]} Rc8 {[%emt
0:00:01]} 11. O-O-O {[%emt 0:00:10]} Nxd4 {[%emt 0:00:01]} 12. Bxd4 {[%emt
0:00:02]} b5 {[%emt 0:00:00]} 13. a3 {[%emt 0:00:07]} a5 {[%emt 0:00:02]} 14.
Ne2 { [%emt 0:00:07]} Nxe4 {[%emt 0:00:05]} 15. Qe3 {[%emt 0:00:10]} Nc5 {[%emt
0:00:16]} 16. Bxg7 {[%emt 0:00:12]} Kxg7 {[%emt 0:00:00]} 17. Kb1 {[%emt
0:00:06]} Nxb3 {[%emt 0:00:10]} 18. Qxb3 {[%emt 0:00:00]} Be6 {[%emt 0:00:13]}
19. Qe3 { [%emt 0:00:18]} Qc7 {[%emt 0:00:20]} 20. Qd4+ {[%emt 0:00:22]} Kg8
{[%emt 0:00:04]} 21. Nf4 {[%emt 0:00:15]} Qxc2+ {[%emt 0:00:11]} 22. Ka1 {[%emt
0:00:01]} Qb3 {[%emt 0:00:09]} 23. Nxe6 {[%emt 0:00:04]} Qxe6 {[%emt 0:00:02]}
24. Rhe1 { [%emt 0:00:02]} Qd7 {[%emt 0:00:34]} 25. h4 {[%emt 0:00:11]} Rc4
{[%emt 0:00:04]} 26. Qb6 {[%emt 0:00:11]} b4 {[%emt 0:00:06]} 27. Rd4 {[%emt
0:00:59]} Rfc8 {[%emt 0:00:21]} 28. Rxc4 {[%emt 0:00:16]} Rxc4 {[%emt 0:00:00]}
29. h5 { [%emt 0:00:40]} bxa3 {[%emt 0:00:06]} 30. bxa3 {[%emt 0:00:06]} Rc2
{[%emt 0:00:22]} 31. h6 {[%emt 0:00:11]} f6 {[%emt 0:00:32]} 32. Qb3+ {[%emt
0:00:06]} d5 {[%emt 0:00:05]} 33. Qxc2 {[%emt 0:00:05]} e5 {[%emt 0:00:04]} 34.
Rc1 { [%emt 0:00:29]} Qb5 {[%emt 0:00:20]} 35. Qc8+ {[%emt 0:00:12]} Kf7 {[%emt
0:00:01]} 36. Rc7+ {[%emt 0:00:02]} 1-0

[Event "DSJ Weihnachtsturnier U20 2020"]
[Site "https://play.chessbase.com/en/play?room=DSJWeihnachtU20"]
[Date "2020.12.29"]
[Round "3"]
[White "Toval, David"]
[Black "Alhamid, Mohamad"]
[Result "1/2-1/2"]
[Termination "normal"]
[Board "10.4"]
[WhiteElo "1857"]
[BlackElo "1664"]
[WhiteTeam "Schachklub Münster 32"]
[BlackTeam "Delmenhorster SK V 1931"]
[PlyCount "133"]
[WhiteFideId "12992755"]
[BlackFideId "16235665"]
[EventRounds "7"]
[EventType "team-swiss"]
[EventDate "2020.12.29"]

1. e4 {[%emt 0:00:02] Delmen1-004 reconnected.} e5 {[%emt 0:00:05]} 2. Nf3 {
[%emt 0:00:01]} Nc6 {[%emt 0:00:17]} 3. Bb5 {[%emt 0:00:04]} d6 {[%emt 0:00:29]
} 4. d4 {[%emt 0:00:04]} exd4 {[%emt 0:00:06]} 5. Nxd4 {[%emt 0:00:00]} Bd7 {
[%emt 0:00:01]} 6. Nc3 {[%emt 0:00:04]} Nf6 {[%emt 0:00:03]} 7. O-O {[%emt
0:00:22]} Be7 {[%emt 0:00:05]} 8. Nxc6 {[%emt 0:00:55]} bxc6 {[%emt 0:00:17]}
9. Bc4 {[%emt 0:00:11]} Be6 {[%emt 0:00:02]} 10. Bb3 {[%emt 0:00:09]} O-O {
[%emt 0:00:06]} 11. Re1 {[%emt 0:00:17]} Qd7 {[%emt 0:00:19]} 12. Bf4 {[%emt
0:00:18]} Rad8 {[%emt 0:00:31]} 13. Qe2 {[%emt 0:00:42]} Bxb3 {[%emt 0:00:19]}
14. axb3 {[%emt 0:00:04]} Qe6 {[%emt 0:00:02]} 15. Rxa7 {[%emt 0:00:15]} Rd7 {
[%emt 0:00:22]} 16. e5 {[%emt 0:02:07]} Nd5 {[%emt 0:02:25]} 17. Bg3 {[%emt
0:01:13]} Nxc3 {[%emt 0:00:14]} 18. bxc3 {[%emt 0:00:00]} d5 {[%emt 0:00:01]}
19. Rea1 {[%emt 0:01:40]} Bc5 {[%emt 0:00:15]} 20. Ra8 {[%emt 0:00:07]} Rdd8 {
[%emt 0:00:06]} 21. Rxd8 {[%emt 0:00:04]} Rxd8 {[%emt 0:00:00]} 22. Kf1 { [%emt
0:00:49]} h6 {[%emt 0:00:08]} 23. h3 {[%emt 0:00:10]} Bb6 {[%emt 0:00:10] } 24.
Qg4 {[%emt 0:00:10]} Re8 {[%emt 0:00:15]} 25. Qxe6 {[%emt 0:00:10]} Rxe6 {[%emt
0:00:05]} 26. f4 {[%emt 0:00:14]} Kh7 {[%emt 0:00:21]} 27. Bf2 {[%emt 0:00:07]}
c5 {[%emt 0:00:15]} 28. b4 {[%emt 0:00:02]} cxb4 {[%emt 0:00:04]} 29. cxb4
{[%emt 0:00:02]} d4 {[%emt 0:00:27]} 30. Rd1 {[%emt 0:00:07]} Rc6 { [%emt
0:00:01]} 31. Bxd4 {[%emt 0:00:15]} Bxd4 {[%emt 0:00:03]} 32. Rxd4 { [%emt
0:00:00]} Rxc2 {[%emt 0:00:00]} 33. Re4 {[%emt 0:00:09]} Kg6 {[%emt 0:00:06]}
34. g3 {[%emt 0:00:03]} Kf5 {[%emt 0:00:07]} 35. Re2 {[%emt 0:00:01]} Rc4
{[%emt 0:00:04]} 36. b5 {[%emt 0:00:04]} Rb4 {[%emt 0:00:04]} 37. Rc2 {[%emt
0:00:01]} Rxb5 {[%emt 0:00:11]} 38. Rxc7 {[%emt 0:00:02]} Kg6 {[%emt 0:00:07]}
39. Rc2 {[%emt 0:00:05]} Rb3 {[%emt 0:00:03]} 40. Kf2 {[%emt 0:00:01]} h5 {
[%emt 0:00:03]} 41. Re2 {[%emt 0:00:02]} Kf5 {[%emt 0:00:02]} 42. Re3 {[%emt
0:00:01]} Rb1 {[%emt 0:00:03]} 43. Re1 {[%emt 0:00:07]} Rb3 {[%emt 0:00:03]}
44. Re3 {[%emt 0:00:02]} Rb1 {[%emt 0:00:01]} 45. Re2 {[%emt 0:00:02]} g6
{[%emt 0:00:03]} 46. Kf3 {[%emt 0:00:02]} Rf1+ {[%emt 0:00:05]} 47. Rf2 {[%emt
0:00:01]} Rb1 {[%emt 0:00:01]} 48. g4+ {[%emt 0:00:01]} hxg4+ {[%emt 0:00:01]}
49. hxg4+ {[%emt 0:00:00]} Ke6 {[%emt 0:00:00]} 50. Rd2 {[%emt 0:00:01]} Rb3+
{[%emt 0:00:01]} 51. Ke4 {[%emt 0:00:02]} Rb4+ {[%emt 0:00:01]} 52. Rd4 {[%emt
0:00:01]} Rb1 {[%emt 0:00:01]} 53. f5+ {[%emt 0:00:03]} gxf5+ {[%emt 0:00:02]}
54. gxf5+ {[%emt 0:00:00]} Ke7 {[%emt 0:00:01]} 55. f6+ {[%emt 0:00:10]} Ke8
{[%emt 0:00:06]} 56. Rc4 {[%emt 0:00:02]} Rh1 {[%emt 0:00:07]} 57. Rc8+ {[%emt
0:00:02]} Kd7 {[%emt 0:00:02]} 58. Rf8 {[%emt 0:00:00]} Re1+ {[%emt 0:00:03]}
59. Kf5 { [%emt 0:00:02]} Rf1+ {[%emt 0:00:02]} 60. Kg5 {[%emt 0:00:02]} Rg1+
{[%emt 0:00:07]} 61. Kh6 {[%emt 0:00:01]} Ke6 {[%emt 0:00:01]} 62. Re8+ {[%emt
0:00:01]} Kf5 {[%emt 0:00:02]} 63. Re7 {[%emt 0:00:07]} Rg2 {[%emt 0:00:26]}
64. Rxf7 { [%emt 0:00:03]} Kxe5 {[%emt 0:00:01]} 65. Rg7 {[%emt 0:00:03]} Rf2
{[%emt 0:01:37]} 66. Kg6 {[%emt 0:00:01]} Rxf6+ {[%emt 0:00:02]} 67. Kg5 {[%emt
0:00:03] Muenst1-004 offers a draw Arbiter Decision (Draw by material),
result=1} 1/2-1/2

[Event "DSJ Weihnachtsturnier U20 2020"]
[Site "https://play.chessbase.com/en/play?room=DSJWeihnachtU20"]
[Date "2020.12.29"]
[Round "3"]
[White "Runte, Moritz"]
[Black "Petrow, Jonas"]
[Result "1-0"]
[Termination "normal"]
[Board "11.1"]
[WhiteElo "2133"]
[BlackElo "1811"]
[WhiteTeam "Schachverein Hemer 1932"]
[BlackTeam "TuS Makkabi Rostock"]
[PlyCount "81"]
[WhiteFideId "12991449"]
[BlackFideId "12991805"]
[EventRounds "7"]
[EventType "team-swiss"]
[EventDate "2020.12.29"]

1. e4 {[%emt 0:00:03]} c5 {[%emt 0:00:02]} 2. Nf3 {[%emt 0:00:01]} d6 {[%emt
0:00:08]} 3. d4 {[%emt 0:00:02]} cxd4 {[%emt 0:00:03]} 4. Nxd4 {[%emt 0:00:00]}
Nf6 {[%emt 0:00:02]} 5. Nc3 {[%emt 0:00:02]} a6 {[%emt 0:00:02]} 6. g3 { [%emt
0:00:21]} e5 {[%emt 0:00:06]} 7. Nde2 {[%emt 0:00:01]} Be7 {[%emt 0:00:21]} 8.
Bg2 {[%emt 0:00:02]} O-O {[%emt 0:00:04]} 9. O-O {[%emt 0:00:01]} Be6 { [%emt
0:00:21]} 10. h3 {[%emt 0:00:10]} Nbd7 {[%emt 0:00:06]} 11. f4 {[%emt 0:00:02]}
exf4 {[%emt 0:00:06]} 12. gxf4 {[%emt 0:00:13]} Qb6+ {[%emt 0:00:15]} 13. Kh2
{[%emt 0:00:13]} Rac8 {[%emt 0:00:31]} 14. b3 {[%emt 0:00:31]} Nc5 { [%emt
0:00:19]} 15. Bb2 {[%emt 0:00:13]} Bd7 {[%emt 0:01:51]} 16. Nd5 {[%emt
0:01:09]} Nxd5 {[%emt 0:00:03]} 17. exd5 {[%emt 0:00:02]} Bf5 {[%emt 0:00:24]}
18. Nd4 {[%emt 0:00:09]} Be4 {[%emt 0:00:06]} 19. Bxe4 {[%emt 0:00:12]} Nxe4 {
[%emt 0:00:00]} 20. Nf5 {[%emt 0:00:07]} Bf6 {[%emt 0:00:14]} 21. Bxf6 { [%emt
0:00:23]} Nxf6 {[%emt 0:00:00]} 22. Ne7+ {[%emt 0:00:04]} Kh8 {[%emt 0:00:02]}
23. Nxc8 {[%emt 0:00:01]} Rxc8 {[%emt 0:00:10]} 24. c4 {[%emt 0:00:03]} Re8
{[%emt 0:00:04]} 25. Qd2 {[%emt 0:00:24]} Qd8 {[%emt 0:00:34]} 26. Rae1 { [%emt
0:00:11]} Ne4 {[%emt 0:00:01]} 27. Qd4 {[%emt 0:00:16]} f5 {[%emt 0:00:01]} 28.
Rg1 {[%emt 0:00:07]} Qe7 {[%emt 0:00:19]} 29. Rg5 {[%emt 0:00:42]} Qf7 {[%emt
0:00:32]} 30. Rg2 {[%emt 0:00:23]} h6 {[%emt 0:00:06]} 31. Reg1 { [%emt
0:00:06]} Re7 {[%emt 0:00:07]} 32. Rxg7 {[%emt 0:00:17]} Qxg7 {[%emt 0:00:02]}
33. Rxg7 {[%emt 0:00:01]} Rxg7 {[%emt 0:00:01]} 34. b4 {[%emt 0:00:09]} Kh7
{[%emt 0:00:09]} 35. c5 {[%emt 0:00:07]} dxc5 {[%emt 0:00:09]} 36. bxc5 { [%emt
0:00:01]} Rc7 {[%emt 0:00:13]} 37. Qe5 {[%emt 0:00:17]} Rf7 {[%emt 0:00:02]}
38. c6 {[%emt 0:00:08]} Nd2 {[%emt 0:00:01]} 39. Qe6 {[%emt 0:00:08]} Kg7
{[%emt 0:00:09]} 40. Qxf7+ {[%emt 0:00:08]} Kxf7 {[%emt 0:00:12]} 41. cxb7 {
[%emt 0:00:01]} 1-0